Fundamentos de la seguridad integral (Registro nro. 9290)
[ vista simple ]
| 000 -CABECERA | |
|---|---|
| campo de control de longitud fija | 00703nam a22002537a 4500 |
| 005 - FECHA Y HORA DE ACTUALIZACIÓN | |
| campo de control | 20170418181736.0 |
| 008 - LONGITUD FIJA | |
| campo de control de longitud fija | 170418b xxu||||| |||| 00| 0 spa d |
| 020 ## - INTERNATIONAL STANDARD BOOK NUMBER | |
| Número Internacional Estándar del Libro | 978987151586 |
| 041 ## - IDIOMA | |
| Código de idioma del texto/pista de sonido o título separado | |
| 082 ## - CLASIFICACIÓN DECIMAL DEWEY | |
| Número de clasificación | 364.4 R696f |
| 100 ## - AUTOR PERSONAL | |
| Nombre de persona | Rodríguez, Diofanor |
| 245 ## - TÍTULO PROPIAMENTE DICHO | |
| Título | Fundamentos de la seguridad integral |
| 260 ## - PIE DE IMPRENTA | |
| Lugar de publicación, distribución, etc. | Argentina |
| 260 ## - PIE DE IMPRENTA | |
| Nombre del editor, distribuidor, etc. | Seguridad y Defensa |
| 260 ## - PIE DE IMPRENTA | |
| Fecha de publicación, distribución, etc. | 2008 |
| 300 ## - DESCRIPCIÓN FÍSICA | |
| Extensión | 120 páginas |
| 650 ## - Materia General | |
| Materia general | SEGURIDAD PRIVADA |
| 650 ## - Materia General | |
| Materia general | SEGURIDAD INTEGRAL |
| 650 ## - Materia General | |
| Materia general | GERENCIA DE SEGURIDAD |
| 650 ## - Materia General | |
| Materia general | SEGURIDAD FÍSICA |
| 650 ## - Materia General | |
| Materia general | SEGURIDAD PERSONAL |
| 650 ## - Materia General | |
| Materia general | SEGURIDAD DE LA INFORMACIÓN |
| 942 ## - Punto de Acceso Adicional Koha | |
| Tipo de ítem Koha | Libro |
No hay ítems disponibles.